Wszystkie kraje obu Ameryk - Statystyki

Ogólne statystyki
  • Ten quiz został rozwiązany 2 165 razy
  • Średni wynik to 24 z 36
Statystyki odpowiedzi
Odpowiedź % Poprawnych
Kanada
98%
USA
97%
Meksyk
95%
Brazylia
93%
Argentyna
92%
Chile
89%
Kolumbia
82%
Urugwaj
82%
Kuba
81%
Peru
81%
Wenezuela
79%
Paragwaj
77%
Boliwia
76%
Dominika
76%
Panama
76%
Ekwador
72%
Gujana
70%
Dominikana
68%
Jamajka
68%
Haiti
67%
Honduras
66%
Kostaryka
66%
Salwador
62%
Gwatemala
61%
Surinam
59%
Nikaragua
58%
Belize
56%
Bahamy
51%
Barbados
43%
Trynidad i Tobago
42%
Saint Lucia
40%
Saint Kitts i Nevis
39%
Saint Vincent i Grenadyny
37%
Antigua i Barbuda
36%
Grenada
36%
Portoryko
18%
Nie znaleziono quizów pasujących do podanych kryteriów
Rozkład punktacji
Procent ludzi z każdym wynikiem
Percentyl według liczby udzielonych odpowiedzi
Twoja historia wyników
Nie rozwiązałeś tego quizu